000 00298nam a22001457a 4500
020 _a81-7028-414-7
082 _a494
_bSAS/H
100 _aSHASTHRY,DHARMAPAL
245 _aHUM EK HAIN
250 _aFIRST
260 _aDELHI
_bRAJPAL
_c2008
300 _a48
650 _aSTORY
_zDELHI
942 _cBK
999 _c4612
_d4612